=LDR 00000nam 2200000 4500 =001 INLIS000000000035337 =005 20210215093023 =035 ##$$a 0010-061300000035337 =008 210215################g##########0#ind## =041 ##$$a ind =082 ##$$a 338.1 =090 ##$$a 338.1, Stu s =245 ##$$a Studi permintaan markisa : $b Laporan akhir /$c International Finance Corporation =260 ##$$a [s.l} :$b International Finance Corporation,$c 2009 =300 ##$$a 84 hlm. ; $c 29 x 21 cm. =650 #4$$a Ekonomi Pertanian-Markisa =850 ##$$a NBPNMAT =084 ##$$a 338.1 STU s =710 #$$a International Finance Corporation =990 ##$$a 31011347